Preposition - Statistics

General Stats
  • This quiz has been taken 14 times
  • The average score is 24 of 53
Answer Stats
Hint Preposition % Correct
A Among
86%
A At
86%
A Along
71%
A Around
71%
B Beside
71%
B Between
71%
B By
71%
F For
71%
O On
71%
U Under
71%
W With
71%
W Without
71%
A About
57%
A Above
57%
B Before
57%
B Behind
57%
F From
57%
I In
57%
O Of
57%
O Off
57%
O Onto
57%
O Out
57%
O Over
57%
T To
57%
W Within
57%
A Across
43%
A Against
43%
B Beneath
43%
B Beyond
43%
I Inside
43%
I Into
43%
O Outside
43%
T Toward
43%
U Up
43%
U Upon
43%
A After
29%
A Amid
29%
A Atop
29%
C Concerning
29%
D Down
29%
N Near
29%
U Underneath
29%
U Until
29%
B Below
14%
B But
14%
D During
14%
E Except
14%
L Like
14%
P Past
14%
R Regarding
14%
S Since
14%
T Through
14%
T Throughout
14%
No matching quizzes found
Score Distribution
Percent of People with Each Score
Percentile by Number Answered
Your Score History
You have not taken this quiz